Tegeződés
Elmentve itt :
| Szerző: | |
|---|---|
| Dokumentumtípus: | Cikk |
| Megjelent: |
1947
|
| Sorozat: | Honvéd : katonai folyóirat
2 No. 2 |
| Kulcsszavak: | Kommunikáció katonai, Munkahelyi magatartás |
| Online Access: | http://misc.bibl.u-szeged.hu/3318 |
| LEADER | 00567nab a2200169 i 4500 | ||
|---|---|---|---|
| 001 | misc3318 | ||
| 005 | 20191106141832.0 | ||
| 008 | 170607s1947 hu o 0|| hun d | ||
| 040 | |a SZTE Miscellanea Repozitórium |b hun | ||
| 041 | |a hun | ||
| 100 | 1 | |a Vermes Zoltán | |
| 245 | 1 | 0 | |a Tegeződés |h [elektronikus dokumentum] / |c Vermes Zoltán |
| 260 | |c 1947 | ||
| 300 | |a 42-45 | ||
| 490 | 0 | |a Honvéd : katonai folyóirat |v 2 No. 2 | |
| 695 | |a Kommunikáció katonai, Munkahelyi magatartás | ||
| 856 | 4 | 0 | |u http://misc.bibl.u-szeged.hu/3318/1/honved_002_002_042-045.pdf |z Dokumentum-elérés |